2019-2020 Jacksonville Jaguars Current Roster - Statistics

General Stats
  • This quiz has been taken 105 times
  • The average score is 15 of 37
Answer Stats
Hint Answer % Correct
QB Gardner Minshew
87%
QB Nick Foles
87%
RB Leonard Fournette
83%
WR DJ Chark
78%
CB Jalen Ramsey
72%
CB AJ Bouye
70%
DE Calais Campbell
68%
LB Myles Jack
68%
OL Cam Robinson
63%
WR Dede Westbrook
59%
LB Josh Allen
54%
K Josh Lambo
53%
WR Keelan Cole
50%
QB Tanner Lee
50%
WR Marqise Lee
49%
Coach Doug Marrone
46%
DE Yannick Ngakoue
45%
OL Brandon Linder
39%
OL Andrew Norwell
37%
WR Chris Conley
37%
P Logan Cooke
34%
OL Jawaan Taylor
26%
SS Ronnie Harrison
26%
DT Abry Jones
24%
TE James O'Shaughnessy
24%
DT Marcell Dareus
22%
OL AJ Cann
20%
FS Jarrod Wilson
20%
TE Josh Oliver
20%
CB DJ Hayden
17%
LB Leon Jacobs
14%
RB Alfred Blue
9%
TE Geoff Swaim
9%
LB Jack Ryan
7%
FB Dimitri Flowers
4%
LS Matt Overton
1%
CB Quenton Meeks
1%
No matching quizzes found
Score Distribution
Percent of People with Each Score
Percentile by Number Answered
Your Score History
You have not taken this quiz